<?xml version="1.0" encoding="UTF-8"?>
<record
    xmlns:xsi="http://www.w3.org/2001/XMLSchema-instance"
    xsi:schemaLocation="http://www.loc.gov/MARC21/slim http://www.loc.gov/standards/marcxml/schema/MARC21slim.xsd"
    xmlns="http://www.loc.gov/MARC21/slim">

  <leader>00650nam a22001937a 4500</leader>
  <controlfield tag="005">20160609165348.0</controlfield>
  <controlfield tag="008">100206t        xxu||||| |||| 00| 0 eng d</controlfield>
  <datafield tag="020" ind1=" " ind2=" ">
    <subfield code="a">2-930126-09-4</subfield>
    <subfield code="c">Don</subfield>
  </datafield>
  <datafield tag="040" ind1=" " ind2=" ">
    <subfield code="a">BUAC</subfield>
    <subfield code="b">Fr.</subfield>
    <subfield code="c">BUC</subfield>
  </datafield>
  <datafield tag="041" ind1=" " ind2=" ">
    <subfield code="a">Fre</subfield>
  </datafield>
  <datafield tag="082" ind1=" " ind2=" ">
    <subfield code="a">334</subfield>
  </datafield>
  <datafield tag="100" ind1=" " ind2=" ">
    <subfield code="a">Coscia, Walter</subfield>
    <subfield code="c">Dir..</subfield>
    <subfield code="9">3458</subfield>
  </datafield>
  <datafield tag="245" ind1=" " ind2=" ">
    <subfield code="a">Wallonie et pays du sud</subfield>
    <subfield code="b">Sous le signe du partenariat</subfield>
    <subfield code="c">sous la coordination de Walter Coscia</subfield>
  </datafield>
  <datafield tag="260" ind1=" " ind2=" ">
    <subfield code="a">Bruxelles</subfield>
    <subfield code="b">Ed. Fonds de Coop&#xE9;ration au D&#xE9;veloppement</subfield>
    <subfield code="c">2000</subfield>
  </datafield>
  <datafield tag="300" ind1=" " ind2=" ">
    <subfield code="a">635p.</subfield>
    <subfield code="c">22 cm</subfield>
  </datafield>
  <datafield tag="504" ind1=" " ind2=" ">
    <subfield code="a">Contient des adresses utiles</subfield>
  </datafield>
  <datafield tag="650" ind1=" " ind2=" ">
    <subfield code="a">Participation : d&#xE9;veloment</subfield>
    <subfield code="b">R&#xE9;gion Wallonie - Pays ACP</subfield>
    <subfield code="9">3459</subfield>
  </datafield>
  <datafield tag="942" ind1=" " ind2=" ">
    <subfield code="c">LIVR</subfield>
  </datafield>
  <datafield tag="999" ind1=" " ind2=" ">
    <subfield code="c">46906</subfield>
    <subfield code="d">46906</subfield>
  </datafield>
  <datafield tag="952" ind1=" " ind2=" ">
    <subfield code="0">0</subfield>
    <subfield code="1">0</subfield>
    <subfield code="4">0</subfield>
    <subfield code="7">0</subfield>
    <subfield code="a">BUAC</subfield>
    <subfield code="b">BUAC</subfield>
    <subfield code="d">0000-00-00</subfield>
    <subfield code="e">Don du FCD</subfield>
    <subfield code="l">0</subfield>
    <subfield code="o">334 WAL</subfield>
    <subfield code="r">2010-02-06 00:00:00</subfield>
    <subfield code="t">1</subfield>
    <subfield code="w">2010-02-06</subfield>
    <subfield code="y">LIVR</subfield>
  </datafield>
  <datafield tag="952" ind1=" " ind2=" ">
    <subfield code="0">0</subfield>
    <subfield code="1">0</subfield>
    <subfield code="4">0</subfield>
    <subfield code="7">0</subfield>
    <subfield code="a">BUAC</subfield>
    <subfield code="b">BUAC</subfield>
    <subfield code="d">2017-09-14</subfield>
    <subfield code="e">Achat</subfield>
    <subfield code="f">17/328</subfield>
    <subfield code="l">0</subfield>
    <subfield code="o">334 WAL</subfield>
    <subfield code="p">17-328Buc</subfield>
    <subfield code="r">2017-09-14 00:00:00</subfield>
    <subfield code="t">02</subfield>
    <subfield code="w">2017-09-14</subfield>
    <subfield code="y">LBA</subfield>
  </datafield>
</record>
